Swadhinuttar kalor bharatar shiksha/ (Record no. 9324)

MARC details
000 -LEADER
fixed length control field 00695cam a2200241ua 4500
005 - DATE AND TIME OF LATEST TRANSACTION
control field 20230829142837.0
008 - FIXED-LENGTH DATA ELEMENTS--GENERAL INFORMATION
fixed length control field 180404n ii |||gr||||Z||||||asm
020 ## - INTERNATIONAL STANDARD BOOK NUMBER
International Standard Book Number 9789381784518
040 ## - CATALOGING SOURCE
Transcribing agency MAIN
Original cataloging agency IN-DiNC
041 ## - LANGUAGE CODE
Language code of sung or spoken text Assamese
082 ## - DEWEY DECIMAL CLASSIFICATION NUMBER
Classification number 370.54
Item number CHA
100 ## - MAIN ENTRY--PERSONAL NAME
Personal name Chaliha, Beda Kumar,
Relator term Author
245 ## - TITLE STATEMENT
Title Swadhinuttar kalor bharatar shiksha/
Statement of responsibility, etc. By Beda Kumar Chaliha
250 ## - EDITION STATEMENT
Edition statement 6th ed.
260 ## - PUBLICATION, DISTRIBUTION, ETC.
Place of publication, distribution, etc. Jorhat:
Name of publisher, distributor, etc. Bidya bhawan,
Date of publication, distribution, etc. 2016.
300 ## - PHYSICAL DESCRIPTION
Extent 196p.
650 ## - SUBJECT ADDED ENTRY--TOPICAL TERM
Topical term or geographic name entry element Measurement and evaluation in education
700 ## - ADDED ENTRY--PERSONAL NAME
Personal name Saikia, Tarun,
Relator term Author
700 ## - ADDED ENTRY--PERSONAL NAME
Personal name Saikia, Runu Bora,
Relator term Author
942 ## - ADDED ENTRY ELEMENTS (KOHA)
Koha item type Books
Source of classification or shelving scheme Dewey Decimal Classification
653 ## - INDEX TERM--UNCONTROLLED
Uncontrolled term Education
653 ## - INDEX TERM--UNCONTROLLED
Uncontrolled term Swadhinuttar kalor bharatar shiksha
Holdings
Withdrawn status Lost status Source of classification or shelving scheme Damaged status Not for loan Collection code Home library Current library Shelving location Date acquired Cost, normal purchase price Total Checkouts Full call number Barcode Date last seen Date last checked out Copy number Price effective from Koha item type Date due
    Dewey Decimal Classification     Education Central Library, Naharkatiya College Central Library, Naharkatiya College General Stacks 19/09/2020 380.00 12 370.54 CHA 23746 25/11/2025 18/11/2025 1 19/09/2020 Books  
    Dewey Decimal Classification     Education Central Library, Naharkatiya College Central Library, Naharkatiya College General Stacks 19/09/2020 380.00 20 370.54 | CHA 25339 22/12/2025 17/12/2025 2 19/09/2020 Books  
    Dewey Decimal Classification     Education Central Library, Naharkatiya College Central Library, Naharkatiya College General Stacks 19/09/2020 380.00 8 370.54 CHA 25340 26/06/2023 14/06/2023 3 19/09/2020 Books  
    Dewey Decimal Classification     Education Central Library, Naharkatiya College Central Library, Naharkatiya College General Stacks 19/09/2020 380.00 16 370.54 CHA 25341 19/09/2024 02/09/2024 4 19/09/2020 Books  
    Dewey Decimal Classification     Education Central Library, Naharkatiya College Central Library, Naharkatiya College General Stacks 29/08/2023 380.00 9 370.54 CHA 29508 14/02/2026 28/01/2026 5 29/08/2023 Books  
    Dewey Decimal Classification     Education Central Library, Naharkatiya College Central Library, Naharkatiya College General Stacks 29/08/2023 380.00 13 370.54 CHA 29509 28/03/2026 28/03/2026 6 29/08/2023 Books 22/04/2026

Naharkatiya College © 2020. All rights reserved.

Powered By